ARRUPE JESUIT UNIVERSITY

CORONAVIRUS -STOP THE SPREAD - CLEAN,DISINFECT,COVER

Genesis1:1-11:32 (Record no. 102185)

MARC details
000 -LEADER
fixed length control field 00553nam a2200229Ia 4500
003 - CONTROL NUMBER IDENTIFIER
control field 0100
008 - FIXED-LENGTH DATA ELEMENTS--GENERAL INFORMATION
fixed length control field 130307s9999 xx 000 0 und d
040 ## - CATALOGING SOURCE
Transcribing agency ARRUPELIB
050 ## - LIBRARY OF CONGRESS CALL NUMBER
Classification number BS1235.3.H36 1967
300 ## - PHYSICAL DESCRIPTION
Other physical details 20cm
245 ## - TITLE STATEMENT
Title Genesis1:1-11:32
260 ## - PUBLICATION, DISTRIBUTION, ETC. (IMPRINT)
Place of publication, distribution, etc Collegeville, Minnesota
260 ## - PUBLICATION, DISTRIBUTION, ETC. (IMPRINT)
Name of publisher, distributor, etc The Liturgical Press
260 ## - PUBLICATION, DISTRIBUTION, ETC. (IMPRINT)
Date of publication, distribution, etc 1967
300 ## - PHYSICAL DESCRIPTION
Extent 88p.
440 ## - SERIES STATEMENT/ADDED ENTRY--TITLE
Title Old Testament Reading Guide no. 9
650 ## - SUBJECT ADDED ENTRY--TOPICAL TERM
Topical term following geographic name as entry element Exercise
650 ## - SUBJECT ADDED ENTRY--TOPICAL TERM
Location of event Exercise therapy
650 ## - SUBJECT ADDED ENTRY--TOPICAL TERM
Active dates Medicine, Chinese
700 ## - ADDED ENTRY--PERSONAL NAME
Personal name Heidt, William G
942 00 - ADDED ENTRY ELEMENTS (KOHA)
Koha issues (borrowed), all copies 1
Holdings
Withdrawn status Lost status Source of classification or shelving scheme Damaged status Not for loan Collection code Home library Current library Shelving location Date acquired Total Checkouts Full call number Barcode Date last seen Date checked out Copy number Price effective from Koha item type
    Library of Congress Classification     Main Collection ARRUPE LIBRARY ARRUPE LIBRARY   07/03/2013 1 BS1235.3.H36 1967 46003019208 07/12/2016 12/01/2015 1 07/03/2013 Monograph ( Printed materials)

 

Arrupe Library. PO Box MP320 Mt Pleasant, Harare, Zimbabwe
263 242 745411|librarian@aju.ac.zw